00607nam a22001817a 450000500170000001000150001702000260003203500140005803700130007208200080008510000200009324500860011326000450019927001170024430000260036170000180038770000200040520220331145811.0 aENG-132187 a9788195391936c799.00 aEN-115719 bDBAD/PUB a669 aSreekanth, D.V. aMetallurgy and Material Science/cD.V. Sreekanth, B. Ravi Naik and R. Hanuma Naik aHyderabadbSrikrishna Techno Booksc2021 a#326, III Floor, Surneni Nilayam Near B K Guda Park, S R Nagarmstudentshelpline.in@gmail.come500038bHyderabad axvi, 376p.c24cm(pbk) aNaik, B. Ravi aNaik, R. Hanuma